00502nam 22001693 4500001000700000010001800007021001300025100004100038200005900079210003800138215003500176606003400211675002600245700002000271801001800291830002300309202030 a972-12-0625-4 b61013/92 a20260505d u||y0pory50 ba aEuropa medievalerumo ao mundo modernofDonald Matthew aLisboacCirculo de Leitoresd1992 a236,[1] p.cencadernadod31 cm aHistória da Europa Medieval a94(4) "5/15"vPTzpor aMatthewbDonald aPTbBMMNgRPC cFernandofFernando